000 00721nam a22002537i 4500
003 DO-SdBNP
005 20250320112055.0
007 ta
008 250320b1994 ||||| |||| 00| 0 spa d
040 _aDO-SdBNP
_bspa
_cBNPHU
_erda
041 _hspa
082 _axxx
_bA171
_222
245 _aAcción para la educación básica
246 _aCentro educativo :
_bmanual de funciones reglamento del centro y del personal
264 _aSanto Domingo :
_bIntec,
_c1994
300 _a84 paginas ;
_c22 cm
336 _2rdacontent
_atexto
_btxt
337 _2rdamedia
_asin mediación
_bn
338 _2rdacarrier
_avolumen
_bnc
590 _aInventariado, 2025 / DG
650 _977668
910 _aDG
942 _2ddc
_cLBS1
999 _c58502
_d58502